|
|
|
|
| LEADER |
02226nam a2200349 i 4500 |
| 001 |
27794 |
| 003 |
BD-DhAAL |
| 005 |
20131124123701.0 |
| 008 |
131124s2013 nyu b 001 0 eng |
| 010 |
|
|
|a 2013013240
|
| 020 |
|
|
|a 9780230391468 (hardcover)
|
| 020 |
|
|
|a 023039146X (hardcover)
|
| 040 |
|
|
|a DLC
|b eng
|c DLC
|e rda
|d BD-DhAAL
|
| 050 |
0 |
0 |
|a PR468.P57
|b M33 2013
|
| 082 |
0 |
0 |
|a 820.9/358
|2 23
|
| 100 |
1 |
|
|a Macleod, Jock.
|9 3578
|
| 245 |
1 |
0 |
|a Literature, journalism, and the vocabularies of liberalism :
|b politics and letters, 1886-1916 /
|c Jock Macleod, Associate Professor of English Literature, Griffith University, Australia.
|
| 260 |
|
|
|a Basingstoke :
|b Palgrave Macmillan,
|c 2013.
|
| 300 |
|
|
|a xxiii, 239 p. ;
|c 23 cm.
|
| 490 |
0 |
|
|a Palgrave studies in nineteenth-century writing and culture
|
| 504 |
|
|
|a Includes bibliographical references (page 215-226) and index.
|
| 505 |
0 |
|
|a Introduction: Advanced liberalism, journalism, and literary culture -- Between literature and politics: The Massingham Network and the institutions of advanced liberalism -- The 'self-conscious evolution of humanity': advanced liberalism and the politics and culture of 'life' -- Advanced liberalism and the cultural value of 'life': ethics, aesthetics, and political economy -- Writing the east end: advanced liberalism, realism and social reform -- Contesting the new: advanced liberalism and the emergence of modernism.
|
| 541 |
|
|
|e 27794, 27795
|
| 650 |
|
0 |
|a English literature
|y 19th century
|x History and criticism.
|9 3579
|
| 650 |
|
0 |
|a Politics and literature
|z Great Britain
|x History
|y 19th century.
|9 3580
|
| 650 |
|
0 |
|a Politics and literature
|z Great Britain
|x History
|y 20th century.
|9 3581
|
| 650 |
|
0 |
|a Liberalism in literature.
|9 3582
|
| 650 |
|
0 |
|a Literature and society
|z Great Britain
|x History.
|9 3583
|
| 942 |
|
|
|2 ddc
|c BK
|
| 999 |
|
|
|c 14105
|d 14105
|
| 952 |
|
|
|0 0
|1 0
|2 ddc
|4 0
|6 820_935800000000000_MAC
|7 0
|9 23732
|a BRACUL
|b BRACUL
|c GEN
|d 2013-11-24
|e Trim Education
|g 5156.00
|l 4
|m 13
|o 820.9358 MAC
|p 3010027794
|r 2024-02-25
|s 2022-09-03
|t 1
|w 2013-11-24
|y BK
|
| 952 |
|
|
|0 0
|1 0
|2 ddc
|4 0
|6 820_935800000000000_MAC
|7 0
|9 23733
|a BRACUL
|b BRACUL
|c GEN
|d 2013-11-24
|e Trim Education
|g 5156.00
|l 0
|o 820.9358 MAC
|p 3010027795
|r 2013-11-24
|t 2
|w 2013-11-24
|y BK
|